00925nam a2200289 i 4500001001000000003000900010005001700019007000300036008004100039020001500080040003000095041000800125082002200133100003700155245006200192250002400254264008200278300002700360336002800387337003400415338003100449490002600480650002800506650002200534700005300556830002600609000044534DO-SdBNP20260220105916.0ta140711s1998 dr 000 0 spa d a8489539766 aDO-SdBNPbspacBNPHUerda aspa 4a883.01bH766i2221 aHomerodca.725 a.C.4aut.eautor13aLa Ilíada /cHomero ; prólogo, Diógenes Céspedes. aPrimera edición  4aSanto Domingo, República Dominicana :bEditora de Colores, S. A., c©1998. a99 páginas ;c21 cm. atextobtxt2rdacontent  asin mediaciónbn2rdamedia  avolumen bnc2rdacarrier 1 aClásicos de colores 4aPoesía épica griega 4aLiteratura griega12aCéspedes, Diógenes,d1941-eprologuista4pr. 0aClásicos de colores